Seminole County, Florida, street map : including Altamonte Springs, Casselberry, Eatonville, Lake Mary, Longwood, Maitland, Oviedo, Sanford, Winter Springs & neighboring communities, featuring east central Florida, Seminole County area map, Walt Disney World map /

Saved in:
Bibliographic Details
Corporate Authors: Universal Map (Firm), Universal Map Enterprises.
Format: Map
Language:English
Published: [Williamston, MI] : UniversalMAP, [2006?]
Subjects:
Tags: Add Tag
No Tags, Be the first to tag this record!
LEADER 01067nem a22002415a 4500
001 011146830-2
005 20070926125941.0
008 070926|2006 miu |a||| ||| eng|d
020 |a 0762551968 
110 2 |a Universal Map (Firm) 
245 1 0 |a Seminole County, Florida, street map :  |b including Altamonte Springs, Casselberry, Eatonville, Lake Mary, Longwood, Maitland, Oviedo, Sanford, Winter Springs & neighboring communities, featuring east central Florida, Seminole County area map, Walt Disney World map /  |c UniversalMAP. 
246 3 |a UniversalMap Seminole County, Florida, street map 
255 |a Scale [ca. 1:43,000]. 
260 |a [Williamston, MI] :  |b UniversalMAP,  |c [2006?] 
500 |a Panel title. 
500 |a Indexes and maps of east central Florida and Walt Disney World on verso. 
650 0 |a Roads  |z Florida  |z Seminole County  |v Maps. 
651 0 |a Seminole County (Fla.)  |v Maps. 
651 0 |a Walt Disney World (Fla.)  |v Maps. 
651 0 |a Orlando Metropolitan Area (Fla.)  |v Maps. 
710 2 |a Universal Map Enterprises. 
988 |a 20070926 
906 |0 MH